[Event "ESS Kalev 2002"]
[Site "Tallinn"]
[Date "2002.01.05"]
[Round "1"]
[White "Gavrikov, Viktor"]
[Black "Lautier, Joel"]
[Result "1-0"]
[WhiteElo "2578"]
[BlackElo "2687"]
[PlyCount "137"]
[EventDate "2002.01.05"]

1. e4 c5 2. Nf3 Nc6 3. Bb5 d6 4. O-O Bd7 5. Re1 Nf6 6. h3 Ne5 7. Bxd7+ Nfxd7 8.
Nh2 e6 9. b3 Be7 10. Bb2 Bf6 11. d4 cxd4 12. Bxd4 b5 13. Nc3 a6 14. a4 b4 15.
Na2 Rb8 16. Qd2 a5 17. Rad1 O-O 18. f4 Nc6 19. Bxf6 Nxf6 20. Nf3 Qb6+ 21. Qf2
Qc7 22. Nc1 d5 23. exd5 Nxd5 24. g3 Nc3 25. Rd2 Rfd8 26. Rxd8+ Rxd8 27. Nd3 h6
28. Nb2 Rd5 29. Nc4 Qd8 30. Kg2 Nd4 31. Nfe5 Qc7 32. Ne3 Rd8 33. Kh2 Nc6 34.
N3c4 Rd5 35. Nb6 Rxe5 36. fxe5 Nxe5 37. Qf4 Qxb6 38. Rxe5 Nd5 39. Qd2 Qc5 40.
Re4 Qd6 41. h4 h5 42. Rc4 Kh7 43. Qd3+ g6 44. Qd4 Qd8 45. Rc5 Kg8 46. c4 bxc3
47. Rxc3 Kh7 48. Rc2 Qd7 49. Rf2 Kg8 50. Rf3 Qc7 51. Qf2 Kg7 52. Qb2+ Kg8 53.
Rf2 Ne3 54. Rf3 Ng4+ 55. Kg2 Qd6 56. Qc3 Qd1 57. Qd3 Qe1 58. Qc3 Qe2+ 59. Kg1
e5 60. Qd3 Qh2+ 61. Kf1 Qh1+ 62. Ke2 Qg2+ 63. Ke1 Kg7 64. Qf1 Qb2 65. Rxf7+ Kh6
66. Qd3 Qc1+ 67. Ke2 e4 68. Qd2+ Qxd2+ 69. Kxd2 1-0

[Event "ESS Kalev 2002"]
[Site "Tallinn"]
[Date "2002.01.05"]
[Round "2"]
[White "Rytshagov, Mihhail"]
[Black "Ehlvest, Jaan"]
[Result "1-0"]
[WhiteElo "2513"]
[BlackElo "2589"]
[PlyCount "81"]
[EventDate "2002.01.05"]

1. e4 c5 2. Nf3 e6 3. d4 cxd4 4. Nxd4 Nf6 5. Nc3 d6 6. Be3 a6 7. Be2 Qc7 8. Qd2
Be7 9. O-O-O Nc6 10. f4 O-O 11. g4 Nxd4 12. Bxd4 b5 13. g5 Nd7 14. a3 Bb7 15.
Rhf1 Nc5 16. Bf3 a5 17. f5 b4 18. f6 bxc3 19. Qxc3 e5 20. fxe7 Qxe7 21. Bxc5
dxc5 22. h4 a4 23. Rd2 Rfd8 24. Rdf2 Ba6 25. Be2 Bxe2 26. Rxe2 Rd4 27. Ref2 Rf8
28. Qf3 Qb7 29. c3 Rd7 30. h5 Qb3 31. Rd1 Rb7 32. Qd3 Qa2 33. Qb1 Qc4 34. Qd3
Qa2 35. Qb1 Qc4 36. Rfd2 Rbb8 37. h6 Qe6 38. hxg7 Kxg7 39. Qd3 Rfd8 40. Qf1
Rxd2 41. Rxd2 1-0

[Event "ESS Kalev 2002"]
[Site "Tallinn"]
[Date "2002.01.06"]
[Round "2"]
[White "Van Wely, Loek"]
[Black "Gavrikov, Viktor"]
[Result "0-1"]
[WhiteElo "2697"]
[BlackElo "2578"]
[PlyCount "94"]
[EventDate "2002.01.05"]

1. Nf3 e6 2. c4 Nf6 3. Nc3 b6 4. e4 Bb7 5. e5 Ne4 6. Bd3 Nxc3 7. dxc3 Be7 8.
Bf4 d6 9. Qe2 Nd7 10. O-O-O dxe5 11. Nxe5 Bg5 12. Qe3 Bxf4 13. Qxf4 Qf6 14.
Qxf6 Nxf6 15. f3 Ke7 16. c5 bxc5 17. Bb5 Rad8 18. Bc6 Ba6 19. f4 Rd6 20. Bf3
Nd5 21. g3 Rhd8 22. Rhe1 Kf8 23. a3 f6 24. Ng4 Kf7 25. Nf2 Nb6 26. Ne4 Rxd1+
27. Bxd1 c4 28. Nc5 Bc8 29. Bf3 Rd6 30. h4 f5 31. Re5 Ke7 32. Kc2 g6 33. a4 Nd7
34. Nxd7 Bxd7 35. Ra5 Rd3 36. Be2 Rxg3 37. Bxc4 Rg4 38. Rxa7 Rxf4 39. Kb3 Kd6
40. a5 e5 41. a6 Bc6 42. Rb7 e4 43. Rb8 e3 44. a7 Rxc4 45. Kxc4 e2 46. Rd8+ Ke7
47. Rc8 Kd7 0-1

[Event "ESS Kalev 2002"]
[Site "Tallinn"]
[Date "2002.01.05"]
[Round "4"]
[White "Rytshagov, Mihhail"]
[Black "Lautier, Joel"]
[Result "1/2-1/2"]
[WhiteElo "2513"]
[BlackElo "2687"]
[PlyCount "48"]
[EventDate "2002.01.05"]

1. e4 c5 2. Nf3 Nc6 3. d4 cxd4 4. Nxd4 Nf6 5. Nc3 e6 6. Be2 a6 7. Be3 Qc7 8.
O-O Be7 9. f4 d6 10. Qe1 O-O 11. Qg3 Nxd4 12. Bxd4 b5 13. Rae1 Bb7 14. a3 Bc6
15. Bd3 Rae8 16. e5 Nh5 17. Qh3 g6 18. Ne4 Bxe4 19. Rxe4 f5 20. exf6 Bxf6 21.
Bxf6 Rxf6 22. Qe3 e5 23. g3 Ng7 24. c3 Rff8 1/2-1/2

[Event "ESS Kalev 2002"]
[Site "Tallinn"]
[Date "2002.01.06"]
[Round "4"]
[White "Van Wely, Loek"]
[Black "Ehlvest, Jaan"]
[Result "0-1"]
[WhiteElo "2697"]
[BlackElo "2589"]
[PlyCount "80"]
[EventDate "2002.01.05"]

1. d4 Nf6 2. c4 e6 3. Nf3 b6 4. g3 Ba6 5. b3 Bb4+ 6. Bd2 Be7 7. Bg2 c6 8. O-O
d5 9. Qc2 Nbd7 10. Rd1 Rc8 11. a4 c5 12. a5 dxc4 13. axb6 cxb3 14. Qxb3 Bxe2
15. bxa7 Bxd1 16. Qxd1 O-O 17. Ba5 Qe8 18. Nc3 Nd5 19. Nxd5 exd5 20. Qb3 Ra8
21. Qb7 Nf6 22. Re1 Qa4 23. Bb6 Rfe8 24. Rxe7 Rxe7 25. Qxe7 Ne4 26. Ng5 Qa1+
27. Bf1 Nd2 28. Qe2 Nxf1 29. Qxf1 Qxd4 30. Qa6 Qe5 31. Qb7 Qe8 32. Bxc5 h6 33.
Nf3 Rc8 34. Kg2 Ra8 35. Bd6 Kh7 36. Qb8 Qc6 37. Nd4 Qc4 38. Qxa8 Qxd4 39. Qe8
Qxa7 40. Qe5 Qb7 0-1

[Event "ESS Kalev 2002"]
[Site "Tallinn"]
[Date "2002.01.06"]
[Round "5"]
[White "Gavrikov, Viktor"]
[Black "Rytshagov, Mihhail"]
[Result "1-0"]
[WhiteElo "2578"]
[BlackElo "2513"]
[PlyCount "84"]
[EventDate "2002.01.05"]

1. e4 e5 2. Nf3 Nf6 3. Nxe5 d6 4. Nf3 Nxe4 5. d4 d5 6. Bd3 Nc6 7. O-O Be7 8. c4
Nb4 9. Be2 O-O 10. Nc3 Be6 11. Re1 Bf5 12. Nxd5 Nxd5 13. cxd5 Bb4 14. Rf1 Qxd5
15. Qa4 Qa5 16. Qb3 Qb6 17. Be3 Bd6 18. Ne5 Qxb3 19. axb3 Rfe8 20. Nc4 Bb4 21.
Bf3 c6 22. Na5 Re7 23. Rfd1 Rae8 24. Nc4 a6 25. Ra4 c5 26. Bxe4 Bxe4 27. dxc5
a5 28. Nxa5 Bxa5 29. Rxa5 Bc2 30. Rc1 Bxb3 31. c6 bxc6 32. Rxc6 h6 33. h3 Rb7
34. Kh2 Be6 35. Rb6 Rxb6 36. Bxb6 Kh7 37. Kg3 Kg6 38. Kf4 f6 39. h4 h5 40. g3
Bf7 41. f3 Be6 42. Ra7 Bd5 1-0

[Event "ESS Kalev 2002"]
[Site "Tallinn"]
[Date "2002.01.06"]
[Round "5"]
[White "Ehlvest, Jaan"]
[Black "Khalifman, Alexander"]
[Result "1/2-1/2"]
[WhiteElo "2589"]
[BlackElo "2688"]
[PlyCount "80"]
[EventDate "2002.01.05"]

1. e4 c5 2. Nf3 d6 3. d4 cxd4 4. Nxd4 Nf6 5. Nc3 a6 6. f3 Nc6 7. Be3 d5 8. exd5
Nxd5 9. Nxd5 Qxd5 10. Qd2 Nxd4 11. Qxd4 Qxd4 12. Bxd4 f6 13. f4 Bf5 14. O-O-O
e6 15. Bb6 Rc8 16. Bd3 Bd6 17. g3 Bxd3 18. Rxd3 Rc6 19. Rhd1 Ke7 20. Rxd6 Rxd6
21. Bc5 Rhd8 22. c4 b6 23. Ba3 e5 24. fxe5 fxe5 25. Kc2 a5 26. b3 Ke6 27. Bxd6
Rxd6 28. Rxd6+ Kxd6 29. Kd3 Kc5 30. a3 h5 31. Kc3 Kd6 32. b4 g6 33. Kd3 Ke6 34.
Ke4 Kd6 35. h3 Ke6 36. g4 hxg4 37. hxg4 Kd6 38. g5 a4 39. Kd3 Kc6 40. Ke3 Kd7
1/2-1/2

[Event "ESS Kalev 2002"]
[Site "Tallinn"]
[Date "2002.01.06"]
[Round "6"]
[White "Rytshagov, Mihhail"]
[Black "Van Wely, Loek"]
[Result "1-0"]
[WhiteElo "2513"]
[BlackElo "2697"]
[PlyCount "112"]
[EventDate "2002.01.05"]

1. e4 c5 2. Nf3 d6 3. d4 cxd4 4. Nxd4 Nf6 5. Nc3 a6 6. Be3 e6 7. Be2 Be7 8. f4
O-O 9. g4 d5 10. e5 Ne4 11. Nxe4 dxe4 12. g5 Qc7 13. Qd2 Rd8 14. O-O-O b5 15.
Kb1 Bb7 16. h4 Nc6 17. Qc3 Bb4 18. Qb3 Nxd4 19. Bxd4 Rac8 20. c3 Bc5 21. Bxc5
Qxc5 22. Rxd8+ Rxd8 23. Rd1 Bd5 24. c4 bxc4 25. Bxc4 Qf2 26. Bxd5 exd5 27. a3
Qxf4 28. Rxd5 Rf8 29. Qb6 Qxh4 30. e6 fxe6 31. Qxe6+ Kh8 32. Qe7 Qf4 33. Rd8
Qf1+ 34. Ka2 Qc4+ 35. b3 Qe2+ 36. Kb1 Qf1+ 37. Kb2 Kg8 38. Rxf8+ Qxf8 39. Qxe4
Qf2+ 40. Kc3 Qg3+ 41. Kb2 Kf7 42. Qf5+ Ke7 43. b4 Qd6 44. Qe4+ Qe6 45. Qb7+ Kf8
46. Qb8+ Kf7 47. Qf4+ Kg6 48. a4 Qd5 49. Kc3 Qd1 50. b5 axb5 51. axb5 Qd5 52.
Kb4 h6 53. gxh6 gxh6 54. b6 h5 55. Qg3+ Kf5 56. Qh3+ Kg5 1-0

[Event "ESS Kalev 2002"]
[Site "Tallinn"]
[Date "2002.01.06"]
[Round "6"]
[White "Sveshnikov, Jevgeni"]
[Black "Ehlvest, Jaan"]
[Result "1-0"]
[WhiteElo "2565"]
[BlackElo "2589"]
[PlyCount "109"]
[EventDate "2002.01.05"]

1. e4 c6 2. d4 d5 3. exd5 cxd5 4. c4 Nf6 5. Nc3 e6 6. Nf3 Bb4 7. cxd5 Nxd5 8.
Qc2 Nc6 9. Be2 O-O 10. O-O Be7 11. Rd1 Bf6 12. Qe4 Nce7 13. h4 Bd7 14. Ne5 Nxc3
15. bxc3 Ba4 16. Re1 Bxe5 17. dxe5 Bc6 18. Qg4 Nf5 19. Bg5 Qa5 20. Bd3 Qxc3 21.
Bxf5 exf5 22. Qxf5 Rfe8 23. Rad1 Re6 24. Re3 Qc5 25. h5 Rae8 26. Qg4 Qf8 27.
Bf4 f6 28. Rd6 Rxd6 29. exd6 Rxe3 30. fxe3 Qe8 31. Qf5 h6 32. Kf2 Kf7 33. Qg6+
Kf8 34. Qg4 Qd7 35. Qg6 Qe6 36. a3 Qf7 37. Qd3 Qa2+ 38. Ke1 Qd5 39. Qh7 Qxg2
40. Qh8+ Kf7 41. Qc8 Bf3 42. Qc4+ Ke8 43. Qg8+ Kd7 44. Qf7+ Kc6 45. Qc4+ Kd7
46. Qb5+ Bc6 47. Qf5+ Kd8 48. Qa5+ Ke8 49. Qc7 Qg1+ 50. Kd2 Qg2+ 51. Kc3 Qe4
52. Qxg7 Bb5 53. Qg8+ Kd7 54. Qf7+ Kc6 55. Qc7+ 1-0

[Event "ESS Kalev 2002"]
[Site "Tallinn"]
[Date "2002.01.06"]
[Round "6"]
[White "Gavrikov, Viktor"]
[Black "Seeman, Tarvo"]
[Result "1/2-1/2"]
[WhiteElo "2578"]
[BlackElo "2441"]
[PlyCount "102"]
[EventDate "2002.01.05"]

1. c4 g6 2. d4 Nf6 3. Nf3 Bg7 4. g3 O-O 5. Bg2 d6 6. O-O Nbd7 7. Nc3 e5 8. h3
c6 9. e4 Qb6 10. c5 dxc5 11. dxe5 Ne8 12. e6 fxe6 13. Ng5 Ne5 14. f4 Nf7 15.
Nxf7 Bd4+ 16. Kh2 Rxf7 17. e5 Qc7 18. Ne4 b6 19. h4 Ba6 20. Re1 Rd8 21. Qg4 Rf5
22. Ng5 Ng7 23. Be4 Bc4 24. a4 Bf2 25. Rd1 Nh5 26. Ra3 Rff8 27. Rxd8 Rxd8 28.
Nxh7 Qxh7 29. Bxg6 Qg7 30. Qxh5 Bd5 31. f5 exf5 32. Bg5 Rf8 33. Bf6 Rxf6 34.
exf6 Qxf6 35. Rc3 f4 36. Qh7+ Kf8 37. Qh6+ Ke7 38. Qxf4 Qxf4 39. gxf4 Bxh4 40.
Re3+ Kd6 41. Be4 c4 42. f5 Bf6 43. Bxd5 Kxd5 44. Re2 b5 45. axb5 cxb5 46. Kg3
a5 47. Kg4 a4 48. Kh5 c3 49. bxc3 Bxc3 50. Ra2 Kc4 51. Rc2 b4 1/2-1/2

[Event "ESS Kalev (w) 2002"]
[Site "Tallinn"]
[Date "2002.01.05"]
[Round "1"]
[White "Bashkite, Viktoria"]
[Black "Paasikangas, Johanna"]
[Result "0-1"]
[WhiteElo "2107"]
[BlackElo "2300"]
[PlyCount "78"]
[EventDate "2002.01.05"]

1. e4 c5 2. Nf3 d6 3. d4 cxd4 4. Nxd4 a6 5. Nc3 Nf6 6. h3 e6 7. g4 b5 8. Bg2
Bb7 9. Nde2 Be7 10. a3 Qc7 11. Ng3 O-O 12. O-O Nc6 13. Bf4 Ne5 14. Qd4 Nc4 15.
e5 dxe5 16. Bxe5 Nxe5 17. Bxb7 Rad8 18. Qf4 Bd6 19. Bg2 Nexg4 20. Qf3 Ne5 21.
Qe2 Nc4 22. Nce4 Nxe4 23. Nxe4 h6 24. Nxd6 Rxd6 25. c3 Rd2 26. Qg4 Nxb2 27.
Rae1 Qxc3 28. Re3 Qd4 29. Qh5 Nc4 30. Rg3 Qf6 31. Be4 Nd6 32. Bb1 Nf5 33. Bxf5
exf5 34. Kh1 Kh7 35. Rfg1 g6 36. Qf3 Rfd8 37. Kh2 Qe5 38. R1g2 R8d7 39. Qb3
R2d3 0-1

[Event "ESS Kalev (w) 2002"]
[Site "Tallinn"]
[Date "2002.01.05"]
[Round "1"]
[White "Stepovaja, Tatjana"]
[Black "Tsiganova, Monika"]
[Result "1-0"]
[WhiteElo "2427"]
[BlackElo "2249"]
[PlyCount "69"]
[EventDate "2002.01.05"]

1. e4 c6 2. d4 d5 3. e5 Bf5 4. Nc3 Qb6 5. Nf3 e6 6. Be2 Ne7 7. O-O Bg4 8. Na4
Qc7 9. b3 Nf5 10. c4 dxc4 11. bxc4 Nd7 12. Bb2 Be7 13. h3 Bxf3 14. Bxf3 Rd8 15.
Qc2 O-O 16. Be4 g6 17. Bxf5 gxf5 18. Rfe1 Nb6 19. Nxb6 axb6 20. Rad1 Rd7 21.
Rd3 Kh8 22. Qe2 Rg8 23. d5 cxd5 24. cxd5 Bc5 25. d6 Qc6 26. Qf3 Ra8 27. a3 Rdd8
28. Bc1 Qxf3 29. Rxf3 Rg8 30. Rd1 Rg6 31. h4 Rag8 32. Bg5 h6 33. Bf6+ Kh7 34.
d7 Rxg2+ 35. Kf1 1-0

[Event "ESS Kalev (w) 2002"]
[Site "Tallinn"]
[Date "2002.01.05"]
[Round "1"]
[White "Berzina, Ilze"]
[Black "Reizniece, Dana"]
[Result "0-1"]
[WhiteElo "2239"]
[BlackElo "2282"]
[PlyCount "100"]
[EventDate "2002.01.05"]

1. e4 d6 2. d4 Nf6 3. Nc3 g6 4. f4 Bg7 5. Nf3 O-O 6. Bd3 Na6 7. O-O c5 8. d5
Bg4 9. Be3 Nc7 10. h3 Bxf3 11. Qxf3 a6 12. a4 Rb8 13. a5 Nd7 14. Ra2 b5 15.
axb6 Nxb6 16. Rfa1 Nb5 17. Rxa6 Nxc3 18. bxc3 Bxc3 19. R1a3 Bg7 20. Qe2 Re8 21.
Bb5 Rf8 22. Bd2 Qc8 23. Ba5 c4 24. Bxb6 Rxb6 25. Qxc4 Qxc4 26. Bxc4 Rb1+ 27.
Kh2 f5 28. exf5 Rxf5 29. g3 g5 30. Bd3 Rf6 31. Ra8+ Kf7 32. f5 Rd1 33. Kg2 Rh6
34. Be2 Rd2 35. Re3 Rxc2 36. Ra7 Be5 37. Rb7 Rf6 38. g4 h5 39. Kf3 hxg4+ 40.
hxg4 Rh6 41. Ke4 Rh2 42. Bd3 Ra2 43. Re1 Ra4+ 44. Kf3 Rh3+ 45. Ke2 Ra2+ 46. Kd1
Rxd3+ 47. Kc1 Rc3+ 48. Kb1 Rcc2 49. Rh1 Rh2 50. Re1 Ra1# 0-1

[Event "ESS Kalev (w) 2002"]
[Site "Tallinn"]
[Date "2002.01.05"]
[Round "2"]
[White "Tsiganova, Monika"]
[Black "Berzina, Ilze"]
[Result "0-1"]
[WhiteElo "2249"]
[BlackElo "2239"]
[PlyCount "127"]
[EventDate "2002.01.05"]

1. d4 d5 2. c4 e6 3. cxd5 exd5 4. Nc3 c6 5. Bf4 Nf6 6. e3 Bd6 7. Bg5 h6 8. Bh4
Bf5 9. Bd3 Bxd3 10. Qxd3 Nbd7 11. Nge2 Nf8 12. O-O Ng6 13. Bxf6 Qxf6 14. e4
dxe4 15. Nxe4 Qe6 16. Nxd6+ Qxd6 17. Qe3+ Ne7 18. Nc3 O-O 19. Rfe1 Ng6 20. Rad1
Rad8 21. d5 cxd5 22. Qxa7 Qb4 23. Qd4 Qxb2 24. Rb1 Qa3 25. Rxb7 Rc8 26. Nxd5
Rc1 27. Rb1 Rxb1 28. Rxb1 Qxa2 29. Ra1 Qe2 30. Ne3 Qb5 31. Rc1 Qg5 32. Rc5 Nf4
33. Rxg5 Ne2+ 34. Kf1 Nxd4 35. Rd5 Ne6 36. g3 Rc8 37. Kg2 Rb8 38. h4 g6 39. h5
Kg7 40. hxg6 fxg6 41. Rd7+ Kf6 42. f4 h5 43. Nc4 Rd8 44. Ra7 Kf5 45. Ra5+ Kf6
46. Ne5 Rc8 47. Ra7 Rc7 48. Ra8 Rc2+ 49. Kf3 Rc3+ 50. Kf2 Nd4 51. Ra6+ Kf5 52.
Rxg6 Ke4 53. Rg8 Rc2+ 54. Kf1 Ke3 55. Re8 Rf2+ 56. Ke1 Re2+ 57. Kd1 Rd2+ 58.
Kc1 Nb3+ 59. Kb1 Kf2 60. f5 Kxg3 61. f6 Rf2 62. f7 Nd2+ 63. Kc2 Ne4+ 64. Kd3
0-1

[Event "ESS Kalev (w) 2002"]
[Site "Tallinn"]
[Date "2002.01.05"]
[Round "2"]
[White "Paasikangas, Johanna"]
[Black "Stepovaja, Tatjana"]
[Result "0-1"]
[WhiteElo "2300"]
[BlackElo "2427"]
[PlyCount "110"]
[EventDate "2002.01.05"]

1. d4 d5 2. Bg5 c6 3. c3 Bf5 4. e3 Qb6 5. Qb3 Nd7 6. Nd2 e6 7. Ngf3 Bd6 8. Nh4
Bg6 9. Nxg6 hxg6 10. Bf4 Bxf4 11. exf4 Qc7 12. g3 Ne7 13. Nf3 O-O 14. Bg2 c5
15. dxc5 Nxc5 16. Qc2 Nf5 17. O-O Ne4 18. Ne5 Nf6 19. Rac1 Rfd8 20. Qe2 Rac8
21. Rfd1 Rd6 22. g4 Ne7 23. h3 Nd7 24. Rd2 Ra6 25. a3 Nxe5 26. fxe5 Nc6 27. Re1
Na5 28. Bf1 Nc4 29. Qd1 Nxd2 30. Bxa6 Nc4 31. Bxc4 Qxc4 32. Re3 Rc6 33. b3 Qc5
34. a4 a5 35. Rd3 Rc8 36. Kg2 b5 37. axb5 Qxb5 38. Kg3 Rb8 39. c4 dxc4 40. Rd8+
Kh7 41. bxc4 Qxe5+ 42. Kg2 Qe4+ 43. Kg3 Qxc4 44. Rd4 Rb3+ 45. Kg2 Qc6+ 46. f3
Rb2+ 47. Kg3 Qc7+ 48. f4 Qc3+ 49. Rd3 Qc5 50. Rf3 Rb7 51. Rd3 a4 52. Qa1 Rb3
53. Rxb3 axb3 54. Qa8 b2 55. Qb8 Qc3+ 0-1

[Event "ESS Kalev (w) 2002"]
[Site "Tallinn"]
[Date "2002.01.05"]
[Round "2"]
[White "Allekand, Louise"]
[Black "Bashkite, Viktoria"]
[Result "0-1"]
[WhiteElo "2010"]
[BlackElo "2107"]
[PlyCount "66"]
[EventDate "2002.01.05"]

1. d4 Nf6 2. c4 e6 3. Nc3 Bb4 4. Qc2 c5 5. dxc5 Bxc5 6. Nf3 d5 7. Bg5 Qb6 8. e3
dxc4 9. Bxc4 Nbd7 10. O-O Qc7 11. Bd3 a6 12. Rac1 b5 13. Nxb5 axb5 14. b4 Bb7
15. bxc5 Bc6 16. h3 e5 17. e4 O-O 18. Qe2 Ra5 19. Rc2 Re8 20. Nd2 Rea8 21. Nb3
Ra4 22. f3 Nh5 23. Bh4 Nf4 24. Qd2 Qa7 25. Ra1 Ra3 26. g3 Nxh3+ 27. Kh2 Rxb3
28. Kxh3 Nxc5 29. axb3 Qxa1 30. Rxc5 Qh1+ 31. Kg4 Bd7+ 32. Kh5 Qxf3+ 33. Kg5
h6# 0-1

[Event "ESS Kalev (w) 2002"]
[Site "Tallinn"]
[Date "2002.01.05"]
[Round "3"]
[White "Stepovaja, Tatjana"]
[Black "Allekand, Louise"]
[Result "1/2-1/2"]
[WhiteElo "2427"]
[BlackElo "2010"]
[PlyCount "83"]
[EventDate "2002.01.05"]

1. e4 c5 2. d3 e6 3. Nf3 d5 4. Qe2 Ne7 5. g3 Nbc6 6. Bg2 g6 7. O-O Bg7 8. c3
O-O 9. Nbd2 b5 10. Nb3 Qb6 11. Be3 d4 12. cxd4 cxd4 13. Bg5 h6 14. Bxe7 Nxe7
15. e5 Bb7 16. Nfxd4 Bxg2 17. Kxg2 Rfd8 18. Nf3 a5 19. Rfd1 Nc6 20. Rac1 Rd5
21. d4 Rad8 22. Rc5 a4 23. Rxd5 Rxd5 24. Nc1 Qd8 25. Rd3 Nxd4 26. Nxd4 Rxd4 27.
Rxd4 Qxd4 28. f4 Qd5+ 29. Kh3 Bf8 30. Qd3 Be7 31. Qxd5 exd5 32. Nd3 Kg7 33. Kg4
f6 34. Kf3 fxe5 35. Nxe5 Kf6 36. Nd3 Ke6 37. g4 Bf6 38. b3 axb3 39. axb3 Bd4
40. h3 Kd6 41. f5 gxf5 42. gxf5 1/2-1/2

[Event "ESS Kalev (w) 2002"]
[Site "Tallinn"]
[Date "2002.01.06"]
[Round "4"]
[White "Allekand, Louise"]
[Black "Berzina, Ilze"]
[Result "0-1"]
[WhiteElo "2010"]
[BlackElo "2239"]
[PlyCount "68"]
[EventDate "2002.01.05"]

1. d4 d5 2. c4 e6 3. Nc3 c6 4. Nf3 dxc4 5. e4 b5 6. a4 Bb4 7. axb5 cxb5 8. Bg5
Ne7 9. Be2 f6 10. Bh4 Bb7 11. e5 Nf5 12. O-O a6 13. Bg3 O-O 14. Rc1 Nd7 15. Na2
Be7 16. b3 Nxg3 17. hxg3 cxb3 18. Qxb3 Bd5 19. Qb2 Nb6 20. Nb4 Nc4 21. Bxc4
Bxc4 22. Rfd1 Qd7 23. exf6 gxf6 24. Nd3 a5 25. Nf4 a4 26. Re1 Bd6 27. Nd2 Bxf4
28. gxf4 Bd5 29. Ne4 Kh8 30. Nc5 Qd6 31. Qxb5 Rg8 32. Nxa4 Rxg2+ 33. Kf1 Rag8
34. Qb6 Bf3 0-1

[Event "ESS Kalev (w) 2002"]
[Site "Tallinn"]
[Date "2002.01.06"]
[Round "5"]
[White "Berzina, Ilze"]
[Black "Bashkite, Viktoria"]
[Result "1-0"]
[WhiteElo "2239"]
[BlackElo "2107"]
[PlyCount "47"]
[EventDate "2002.01.05"]

1. e4 c5 2. Nf3 g6 3. d4 Bg7 4. c3 cxd4 5. cxd4 d5 6. e5 Bg4 7. h3 Bxf3 8. Qxf3
Nc6 9. Be3 Qb6 10. Nc3 Qxb2 11. Rc1 e6 12. Nb5 Ke7 13. Bd3 a6 14. Rb1 Qxb1+ 15.
Bxb1 axb5 16. Qe2 Ra5 17. O-O Nh6 18. Rc1 Nf5 19. Bxf5 gxf5 20. Bd2 Nxd4 21.
Bb4+ Kd7 22. Qd2 Bxe5 23. Bxa5 Rg8 24. Kf1 1-0

[Event "ESS Kalev (w) 2002"]
[Site "Tallinn"]
[Date "2002.01.06"]
[Round "5"]
[White "Reizniece, Dana"]
[Black "Allekand, Louise"]
[Result "1-0"]
[WhiteElo "2282"]
[BlackElo "2010"]
[PlyCount "91"]
[EventDate "2002.01.05"]

1. c4 e5 2. Nc3 Nf6 3. g3 g6 4. Bg2 Bg7 5. Nf3 Nc6 6. O-O O-O 7. d3 d6 8. Rb1
a5 9. a3 Be6 10. b4 axb4 11. axb4 Qd7 12. Ng5 d5 13. Nxe6 fxe6 14. Bg5 Ne7 15.
Qb3 c6 16. Na4 Rae8 17. e4 b5 18. Nc5 Qd6 19. cxb5 cxb5 20. Ra1 Nd7 21. Nxd7
Qxd7 22. Bxe7 Rxe7 23. exd5 e4 24. dxe6 Qxd3 25. Qxd3 exd3 26. Rad1 Rd8 27.
Rfe1 Bc3 28. Re3 Bxb4 29. Rexd3 Rxd3 30. Rxd3 Kg7 31. Bd5 Bc5 32. Rc3 Bd6 33.
Rc6 Ba3 34. Rb6 b4 35. Kg2 Kf6 36. f4 Rc7 37. Kf3 Rc3+ 38. Ke4 Rc7 39. g4 h6
40. Rb8 h5 41. gxh5 gxh5 42. Rh8 Kg6 43. f5+ Kg5 44. Rg8+ Kf6 45. Rg6+ Ke7 46.
f6+ 1-0

[Event "ESS Kalev (w) 2002"]
[Site "Tallinn"]
[Date "2002.01.06"]
[Round "5"]
[White "Tsiganova, Monika"]
[Black "Paasikangas, Johanna"]
[Result "1/2-1/2"]
[WhiteElo "2249"]
[BlackElo "2300"]
[PlyCount "84"]
[EventDate "2002.01.05"]

1. c4 e5 2. Nc3 Bb4 3. g3 Bxc3 4. dxc3 Nf6 5. Bg2 O-O 6. e4 d6 7. Ne2 Be6 8. b3
Qc8 9. O-O Bh3 10. Qc2 Bxg2 11. Kxg2 Nbd7 12. f3 Nc5 13. Be3 Ne6 14. Rad1 Ne8
15. Kh1 Kh8 16. Rd2 g6 17. f4 exf4 18. gxf4 f5 19. exf5 gxf5 20. Nd4 N6g7 21.
Rg2 Nf6 22. Nf3 c5 23. Rfg1 Nfh5 24. Qf2 Qe6 25. Ng5 Qe7 26. Bd2 Rae8 27. Qf3
h6 28. Nh3 Qe4 29. Qd1 Rf6 30. Re1 Qc6 31. Rxe8+ Qxe8 32. Re2 Qc6+ 33. Rg2 Rg6
34. Qe2 Kh7 35. Kg1 Re6 36. Qd1 Nf6 37. Nf2 Qe8 38. h3 Re2 39. Nd3 Rxg2+ 40.
Kxg2 Qg6+ 41. Kh2 Ne4 42. Be1 Ne6 1/2-1/2

[Event "ESS Kalev (w) 2002"]
[Site "Tallinn"]
[Date "2002.01.06"]
[Round "6"]
[White "Allekand, Louise"]
[Black "Tsiganova, Monika"]
[Result "1/2-1/2"]
[WhiteElo "2010"]
[BlackElo "2249"]
[PlyCount "82"]
[EventDate "2002.01.05"]

1. d4 Nf6 2. c4 e6 3. Nc3 Bb4 4. Qc2 c5 5. Nf3 O-O 6. dxc5 Bxc5 7. Bg5 h6 8.
Bh4 Be7 9. e3 a6 10. Be2 Qc7 11. O-O d6 12. Rac1 Nbd7 13. b4 Re8 14. Rfd1 b6
15. e4 Bb7 16. a3 Rac8 17. h3 Qb8 18. Bg3 Ne5 19. Nxe5 dxe5 20. Rf1 Red8 21. f4
Qa8 22. Bd3 Nh5 23. Rf3 exf4 24. Bf2 b5 25. c5 Bf6 26. Ne2 e5 27. g4 fxg3 28.
Bxg3 Nxg3 29. Nxg3 Bg5 30. Rcf1 Rc7 31. Rf5 Rcd7 32. R1f3 Bf4 33. Nh5 Rxd3 34.
Rxd3 Rxd3 35. Qxd3 Bxe4 36. Qd7 Bxf5 37. Qxf5 Qf3 38. Qc8+ Kh7 39. Qf5+ Kg8 40.
Qc8+ Kh7 41. Qf5+ Kg8 1/2-1/2

[Event "ESS Kalev (w) 2002"]
[Site "Tallinn"]
[Date "2002.01.06"]
[Round "6"]
[White "Stepovaja, Tatjana"]
[Black "Berzina, Ilze"]
[Result "1-0"]
[WhiteElo "2427"]
[BlackElo "2239"]
[PlyCount "45"]
[EventDate "2002.01.05"]

1. e4 e5 2. Nf3 Nc6 3. Bc4 Nf6 4. d3 Bc5 5. c3 a6 6. Bb3 O-O 7. Nbd2 d6 8. h3
h6 9. Nf1 Re8 10. g4 d5 11. Qe2 Be6 12. Rg1 Na5 13. g5 hxg5 14. Bxg5 dxe4 15.
dxe4 Nxb3 16. axb3 Bxb3 17. Ng3 b5 18. Nd2 Bc2 19. Nf5 Be7 20. Rc1 Bd3 21. Qf3
Kf8 22. Nxg7 a5 23. Bh6 1-0

[Event "ESS Kalev (w) 2002"]
[Site "Tallinn"]
[Date "2002.01.06"]
[Round "7"]
[White "Reizniece, Dana"]
[Black "Stepovaja, Tatjana"]
[Result "1/2-1/2"]
[WhiteElo "2282"]
[BlackElo "2427"]
[PlyCount "64"]
[EventDate "2002.01.05"]

1. c4 e5 2. Nc3 Nc6 3. g3 d6 4. Bg2 g6 5. Rb1 Bg7 6. d3 Nf6 7. b4 O-O 8. Nf3 h6
9. O-O Be6 10. a4 Qd7 11. Ba3 Bh3 12. c5 Bxg2 13. Kxg2 Nd4 14. Nd2 d5 15. e3
Nf5 16. e4 Nd4 17. Nf3 Nxf3 18. Qxf3 d4 19. c6 bxc6 20. Na2 Rfe8 21. Rfc1 Nh7
22. Rc4 Ng5 23. Qe2 Qh3+ 24. Kh1 f5 25. exf5 gxf5 26. Bc1 e4 27. Bxg5 hxg5 28.
Rxc6 f4 29. dxe4 Qd7 30. Qc4+ Qf7 31. Qxf7+ Kxf7 32. Rxc7+ Kg6 1/2-1/2

[Event "ESS Kalev (w) 2002"]
[Site "Tallinn"]
[Date "2002.01.06"]
[Round "7"]
[White "Tsiganova, Monika"]
[Black "Bashkite, Viktoria"]
[Result "1-0"]
[WhiteElo "2249"]
[BlackElo "2107"]
[PlyCount "61"]
[EventDate "2002.01.05"]

1. e4 c5 2. b3 e5 3. Bb2 d6 4. f4 Nc6 5. Nf3 Bg4 6. Bb5 exf4 7. O-O Nf6 8. Nc3
Be7 9. Nd5 O-O 10. Bxc6 bxc6 11. Nxe7+ Qxe7 12. d3 Nd7 13. Qd2 d5 14. Qxf4 Bxf3
15. Rxf3 d4 16. c3 Ne5 17. Rg3 Rfd8 18. cxd4 cxd4 19. Rc1 f6 20. Rc2 a5 21. Qc1
a4 22. Ba3 Qb7 23. b4 Qb5 24. Qf1 Kh8 25. Rc5 Qb7 26. Rh3 h6 27. Bc1 Qxb4 28.
Rxe5 fxe5 29. Bxh6 Kg8 30. Bxg7 Rd7 31. Bxe5 1-0